000 00431nam a2200181Ia 4500
008 090123s9999 xx 000 0 und d
082 _b3718
100 _aवाणी
245 _aतवरिन कुडी
250 _a1
260 _c1974
300 _a184
600 _aवाणी
630 _aतवरिन कुडी
700 _aवाणी
730 _aतवरिन कुडी
942 _cBOOK
999 _c41797
_d41797